| 000 | 01111nam a22002297a 4500 | ||
|---|---|---|---|
| 999 |
_c7427 _d7427 |
||
| 001 | 21020 | ||
| 003 | BD-DhUAP | ||
| 005 | 20210121145721.0 | ||
| 008 | 210121r20132020bg a|||| |||| 00| 0 ben d | ||
| 020 | _a9847007609444 | ||
| 040 |
_aBD-DhUAP _bBen _cBD-DhUAP _dBD-DhUAP |
||
| 082 |
_223 _a923.1 BAR |
||
| 100 | _aবড়ুয়া, সুজন। | ||
| 245 |
_aশিল্পীর আঁকায় শেখ মুজিব / _cসুজন বড়ুয়া ; আব্দুল মোমেন মিল্টন। |
||
| 260 |
_aঢাকা : _bবাংলাদেশ শিশু একাডেমি, _c২০১৩ [২০২০]। |
||
| 300 |
_a৩২ পৃষ্ঠা : _bচিত্র ; _c২৫ সেমি.। |
||
| 490 | _aজাতির পিতা বঙ্গবন্ধু শেখ মুজিবুর রহমান শিশু-গ্রন্থমালা-২৩। | ||
| 600 |
_aRahman, Sheikh Mujibur, _d1920-1975 _vBiography. |
||
| 651 |
_aPolitician _xBiography. |
||
| 700 | _aমিল্টন, আব্দুল মোমেন। | ||
| 942 |
_2ddc _cBK |
||